<?xml version="1.0" encoding="UTF-8"?>
<collection xmlns="http://www.loc.gov/MARC21/slim">
 <record>
  <leader>00494pamaa2200169   4500</leader>
  <controlfield tag="001">0000017573</controlfield>
  <controlfield tag="005">20080926090000.0</controlfield>
  <datafield tag="020" ind1="0" ind2="0">
   <subfield code="a">1886801428 </subfield>
  </datafield>
  <datafield tag="082" ind1=" " ind2=" ">
   <subfield code="a">025.04 SIN</subfield>
  </datafield>
  <datafield tag="090" ind1="0" ind2="0">
   <subfield code="a">TK5105.888 </subfield>
   <subfield code="b">SIN 1998</subfield>
  </datafield>
  <datafield tag="100" ind1="1" ind2="0">
   <subfield code="a">SINCLAIR </subfield>
  </datafield>
  <datafield tag="245" ind1="1" ind2="0">
   <subfield code="a">Developing web pages for TV-HTML  </subfield>
   <subfield code="c">Joseph T. Sinclair.</subfield>
  </datafield>
  <datafield tag="260" ind1="0" ind2="0">
   <subfield code="a">Masachusetts: </subfield>
   <subfield code="b">Charles River Media, </subfield>
   <subfield code="c">1998.</subfield>
  </datafield>
  <datafield tag="300" ind1=" " ind2=" ">
   <subfield code="a">xxi, 424p.: </subfield>
   <subfield code="b">24cm.</subfield>
  </datafield>
  <datafield tag="500" ind1="0" ind2="0">
   <subfield code="a">Includes 1 CD-ROM for WIN/MAC</subfield>
  </datafield>
  <datafield tag="650" ind1="0" ind2="0">
   <subfield code="a">Web site design </subfield>
  </datafield>
  <datafield tag="650" ind1="0" ind2="0">
   <subfield code="a">HTML (Document markup language) </subfield>
  </datafield>
 </record>
</collection>
